000 00637nam a2200193 a 4500
001 000021028
005 20200930011220.0
008 100830s1992 dr 001 0 spa d
040 _aDO-SdBNP
_bspa
_cBNPHU
082 _a972.93054
_bO15t, 1992
100 1 _aOcaña, Antonio
_929507
245 1 0 _aTestimonio para la historia /
_cAntonio Ocaña.
250 _a2a. ed. ampl.
260 _aSanto Domingo :
_bAlfa y Omega,
_c1992.
300 _a459 p. ;
_c22 cm.
590 _aInventariado, 2019/MFF
651 4 _aRepública Dominicana
_xHistoria
_yREVOLUCIÓN, 1965
_xRelatos Personales
_96573
910 _aValidado. Control de la calidad EMS
999 _c20531
_d20531